header

Papers from the annual Symposium on Arabic Linguistics (Record no. 116369)

MARC details
000 -LEADER
fixed length control field 01681nam a2200361 a 4500
245 10 - TITLE STATEMENT
Title Papers from the annual Symposium on Arabic Linguistics
260 ## - PUBLICATION, DISTRIBUTION, ETC. (IMPRINT)
Place of publication Amsterdam :
Name of publisher John Benjamins Pub. Co.,
Year of publication 1996.
300 ## - PHYSICAL DESCRIPTION
Number of Pages 249 p. :
Other physical details ill.
490 1# - SERIES STATEMENT
Series statement Amsterdam studies in the theory and history of linguistic science. Series IV, Current issues in linguistic theory,
Series statement Perspectives on Arabic linguistics ;
650 #0 - SUBJECT ADDED ENTRY--TOPICAL TERM
Topical Term Arabic language
700 1# - ADDED ENTRY--PERSONAL NAME
Personal name Eid, Mushira.
Personal name Parkinson, Dilworth.
856 40 - ELECTRONIC LOCATION AND ACCESS
Uniform Resource Identifier http://site.ebrary.com/lib/rucke/Doc?id=10509471

No items available.

© 2026 Rongo University
Contact us: librarian | system librarian | Rongo university